| 000 | 01336nam a22003255a 4500 | ||
|---|---|---|---|
| 003 | EG-ScBUE | ||
| 005 | 20221026093803.0 | ||
| 008 | 170529s2008 ua a f b 000 0 ara d | ||
| 020 | _a9774273982 | ||
| 040 |
_aEG-ScBUE _bara _erda _cEG-ScBUE _dEG-ScBUE |
||
| 041 | 0 |
_aara _aeng |
|
| 043 | _af-ua--- | ||
| 082 | 0 | 4 |
_a704.94897 _bش ا ر _222 |
| 100 | 1 |
_aشاروني، صبحي، _eمؤلف. |
|
| 245 | 1 | 0 |
_aروائع متحف الفن الإسلامي بالقاهرة / _cصبحي الشاروني ؛ الترجمة الإنجليزية رمضان عبد القادر. |
| 246 | 1 | 5 | _aTreasures of the museum of islamic art in Cairo |
| 250 | _aالطبعة الأولى. | ||
| 264 |
_aالقاهرة : _bالدار المصرية اللبنانية، _c2008. |
||
| 300 |
_a123 صفحة : _bإيضاحيات ملونة ؛ _c32 سم |
||
| 504 | _aيشتمل على إرجاعات ببليوجرافية. | ||
| 546 | _aالنص باللغتين العربية والإنجليزية. | ||
| 610 | 2 | 7 |
_aمتحف الفن الإسلامي (القاهرة). _2BUEsh |
| 650 | 7 |
_aالفن الإسلامي. _2BUEsh |
|
| 650 | 7 |
_aالفن الإسلامي _xمتاحف. _2BUEsh |
|
| 651 | _2BUEsh | ||
| 653 |
_bGGEN _cMay2017 |
||
| 655 | _vReading book | ||
| 700 | 1 |
_aعبد القادر، رمضان، _eمترجم. |
|
| 942 | _2ddc | ||
| 999 |
_c24894 _d24866 |
||